000 00519nam a2200181Ia 4500
008 200115s9999 xx 000 0 und d
100 _aChing, Lam Lye
245 2 _aA labour of love/
245 _cLam Lye Ching
260 _bReader's Digest Asia
260 _c2019
300 _aPages 24-27, September 2019
440 _aAsia Reader's Digest: My Coma Miracle Cyclist's Triumph after horror accident
_v116:679
650 _adementia
650 _afamily
650 _amental health
650 _amental illness
999 _c362932
_d362932